[Event "Eastpointe (US Am N/6/29)"]
[Site "?"]
[Date "1994.??.??"]
[Round "?"]
[White "Calvo, E."]
[Black "Strenio, G."]
[Result "0-1"]
[WhiteElo "1605"]
[BlackElo "1605"]
[PlyCount "75"]
[EventDate "1994.??.??"]

{6/(29)} 1. e4 c5 2. Nf3 e6 3. b3 Nf6 4. Nc3 a6 5. Bb2 Qc7 6. Be2 b5 7. a3 Bb7
8. d3 Nc6 9. d4 cxd4 10. Nxd4 Nxd4 11. Qxd4 Bc5 12. Qd3 Rc8 13. b4 Bd6 14.
O-O-O Be5 15. Na2 Bxb2+ 16. Kxb2 Bxe4 17. Qc3 Qb7 18. Qd2 Bxc2 19. Rc1 Qxg2 20.
Rxc2 Rxc2+ 21. Qxc2 Qxh1 22. Qc8+ Ke7 23. Qxh8 d6 24. Qxg7 Qxh2 25. Qg3 Qh1 26.
Nc3 Qb7 27. Bf3 d5 28. Qe5 Qb6 29. Nxd5+ Nxd5 30. Bxd5 Qxf2+ 31. Kc1 Qa7 32.
Bxe6 Qg1+ 33. Kd2 fxe6 34. Qc7+ Kf6 35. Qxh7 Qg5+ 36. Kc2 Qf5+ 37. Qxf5+ exf5
38. Kd2 0-1

[Event "Eastpointe (US Am N/4/38)"]
[Site "?"]
[Date "1994.??.??"]
[Round "?"]
[White "Calvo, E."]
[Black "Solski, Jeff"]
[Result "0-1"]
[WhiteElo "1605"]
[BlackElo "1605"]
[PlyCount "86"]
[EventDate "1994.??.??"]

{4/(38)} 1. e4 d6 2. d4 Nf6 3. Nc3 g6 4. Bd3 Bg7 5. h3 O-O 6. Nf3 Nbd7 7. Bd2
c5 8. e5 Ne8 9. Be3 dxe5 10. dxe5 Nxe5 11. Nxe5 Bxe5 12. Qe2 Qa5 13. Bd2 Qc7
14. Bh6 Ng7 15. Bc4 Be6 16. Rb1 Bxc4 17. Qxc4 Bxc3+ 18. Qxc3 f6 19. O-O Rf7 20.
g4 e5 21. Rbd1 Ne6 22. f3 Nd4 23. Qc4 b5 24. Qd5 Rd8 25. Qe4 f5 26. gxf5 gxf5
27. Qh4 Rdd7 28. Kh1 Rd6 29. Rg1+ Rg6 30. Qh5 Qc6 31. Rdf1 Rff6 32. Bg5 Re6 33.
c3 Ne2 34. Rg2 Nf4 35. Bxf4 Rxg2 36. Kxg2 exf4 37. Kh2 Rg6 38. Qxf5 Qd6 39. Rf2
c4 40. Qc8+ Kg7 41. Qb7+ Kh6 42. Qxb5 Qb6 43. Qxc4 Qxf2+ 0-1

[Event "Eastpointe (US Am N/1b/26)"]
[Site "?"]
[Date "1994.??.??"]
[Round "?"]
[White "Calvo, E."]
[Black "Choyke, J."]
[Result "0-1"]
[WhiteElo "1605"]
[BlackElo "1625"]
[PlyCount "124"]
[EventDate "1994.??.??"]

1. e4 Nc6 2. Nf3 f5 3. e5 d5 4. d4 e6 5. c3 h6 6. h4 g6 7. Nh2 Qxh4 8. Nd2 Bd7
9. Be2 O-O-O 10. Ndf3 Qe7 11. g3 Qg7 12. Rg1 g5 13. g4 f4 14. Qd3 Nge7 15. b4
Ng6 16. a4 Kb8 17. a5 a6 18. Qb1 Na7 19. c4 dxc4 20. Bxc4 Nb5 21. Bxb5 Bxb5 22.
Bd2 Ne7 23. Bc3 Nd5 24. Qb3 Nxc3 25. Qxc3 Qd7 26. Rc1 Qc6 27. Qxc6 Bxc6 28. Rb1
Rd5 29. Ke2 Rb5 30. Rgc1 Rxb4 31. Kf1 Rxb1 32. Rxb1 Be7 33. Nd2 Rd8 34. Nb3 Ba4
35. Nf3 Rd5 36. Nfd2 c5 37. dxc5 Bxb3 38. Nxb3 Bxc5 39. Kg2 Bb4 40. Ra1 Bc3 41.
Ra3 Bxe5 42. Ra4 Bc7 43. Nd4 Rxa5 44. Rxa5 Bxa5 45. Nxe6 Bc3 46. Kf3 b5 47. Ke2
Kb7 48. Nc5+ Kb6 49. Ne4 Bg7 50. Kd3 a5 51. Kc2 Kc6 52. f3 Kd5 53. Kb3 Bd4 54.
Nd2 Bc5 55. Ne4 a4+ 56. Kc3 b4+ 57. Kd3 Be7 58. Nd2 b3 59. Nb1 a3 60. Nxa3 Bxa3
61. Kc3 b2 62. Kc2 Kd4 0-1

[Event "Detroit (MOR/7/34)"]
[Site "?"]
[Date "1994.??.??"]
[Round "?"]
[White "Calugaru, P."]
[Black "Worley, Ron"]
[Result "1-0"]
[WhiteElo "1605"]
[BlackElo "1605"]
[PlyCount "39"]
[EventDate "1994.??.??"]

{7/(34)} 1. e4 e5 2. Nf3 Nc6 3. Bb5 a6 4. Ba4 Nf6 5. O-O b5 6. Bb3 Nxe4 7. d4
d6 8. Bd5 Nxf2 9. Bxc6+ Bd7 10. Bxd7+ Qxd7 11. Rxf2 e4 12. Ng5 f5 13. d5 c5 14.
b3 Be7 15. Ne6 Bf6 16. c3 b4 17. Qe1 Qb7 18. Rxf5 g6 19. Rxf6 Qxd5 20. Nc7+ 1-0

[Event "Detroit (Class DE/3/19)"]
[Site "?"]
[Date "1994.??.??"]
[Round "?"]
[White "Calugaru, P."]
[Black "Shelton, G."]
[Result "1-0"]
[WhiteElo "1605"]
[BlackElo "1605"]
[PlyCount "51"]
[EventDate "1994.??.??"]

{3/(19)} 1. e4 e5 2. Nf3 Nc6 3. Bb5 Nf6 4. d3 Bb4+ 5. c3 Be7 6. O-O O-O 7. Bxc6
dxc6 8. Nxe5 Bd6 9. Nf3 Bg4 10. h3 Bh5 11. Nbd2 Re8 12. Qc2 Bxf3 13. Nxf3 Qd7
14. Re1 Bc5 15. d4 Bb6 16. e5 Nd5 17. Ng5 g6 18. Re4 h6 19. e6 fxe6 20. Re5
hxg5 21. Rxg5 Ne7 22. h4 Rf8 23. g4 Rf6 24. h5 Kg7 25. h6+ Kxh6 26. Rd5+ 1-0

[Event "Detroit (MOR/4/31)"]
[Site "?"]
[Date "1994.??.??"]
[Round "?"]
[White "Calugaru, P."]
[Black "Sattler, Peter"]
[Result "0-1"]
[WhiteElo "1605"]
[BlackElo "1785"]
[PlyCount "84"]
[EventDate "1994.??.??"]

{4/(31)} 1. e4 c5 2. Nf3 d6 3. d4 cxd4 4. Nxd4 Nc6 5. Nc3 a6 6. a4 e5 7. Nb3
Nf6 8. Be2 Be6 9. O-O Be7 10. Be3 O-O 11. f4 exf4 12. Rxf4 Ne5 13. Nd4 Qd7 14.
Nxe6 fxe6 15. Bd4 Nc6 16. Bxf6 Rxf6 17. Rxf6 Bxf6 18. Bg4 Qe7 19. Kh1 Rf8 20.
Rb1 Be5 21. Qd2 Qh4 22. Bh3 Nd4 23. Qe1 Qf4 24. g3 Qf2 25. Qxf2 Rxf2 26. Rc1
Kf7 27. Rf1 Rxf1+ 28. Bxf1 Nxc2 29. Be2 g6 30. Kg2 Kf6 31. Nd1 Nd4 32. Bc4 b5
33. axb5 axb5 34. Ba2 b4 35. Bc4 Nc6 36. b3 Na5 37. Ne3 Bd4 38. Kf3 Bxe3 39.
Kxe3 Nxc4+ 40. bxc4 Ke5 41. Kd3 b3 42. Kc3 b2 0-1

[Event "Detroit (MCO/DEU/4/15)"]
[Site "?"]
[Date "1994.??.??"]
[Round "?"]
[White "Calugaru, P."]
[Black "Brooks, R."]
[Result "1-0"]
[WhiteElo "1605"]
[BlackElo "1605"]
[PlyCount "80"]
[EventDate "1994.??.??"]

{4/(15)} 1. e4 e5 2. Nf3 d6 3. d4 Nc6 4. dxe5 Nxe5 5. Nxe5 dxe5 6. Qxd8+ Kxd8
7. Bc4 Ke8 8. Be3 Nf6 9. Nc3 Bb4 10. Bd3 Be6 11. O-O a6 12. Ne2 b5 13. a4 Rb8
14. axb5 axb5 15. Bxb5+ Bd7 16. Bxd7+ Kxd7 17. Rfd1+ Ke7 18. Ra7 Bd6 19. b3
Nxe4 20. f3 Nf6 21. Bc5 Rhd8 22. Rxc7+ Ke6 23. Rc6 Ne8 24. Nc3 Ke7 25. Bxd6+
Rxd6 26. Rcxd6 Nxd6 27. Ra1 Kf8 28. Kf2 Nf5 29. Nd5 Nd4 30. Ra2 Rc8 31. Ne3 f5
32. Nc4 Re8 33. c3 Nc6 34. b4 e4 35. f4 Ne7 36. Nd6 Rd8 37. Rd2 Nc8 38. Nc4 Re8
39. Ke3 Re6 40. Ne5 Ne7 1-0

[Event "Detroit (MOR/2/44)"]
[Site "?"]
[Date "1994.??.??"]
[Round "?"]
[White "Calugaru, P."]
[Black "Barta, Roger"]
[Result "1-0"]
[WhiteElo "1605"]
[BlackElo "1605"]
[PlyCount "71"]
[EventDate "1994.??.??"]

{2/(44)} 1. e4 e6 2. d4 d5 3. Nd2 Nf6 4. Bd3 c5 5. e5 Nfd7 6. c3 Nc6 7. Ndf3 f6
8. exf6 gxf6 9. Ne2 cxd4 10. cxd4 Bb4+ 11. Bd2 Qa5 12. O-O Bxd2 13. Nxd2 e5 14.
dxe5 fxe5 15. Nc3 Nb6 16. Qh5+ Kd8 17. Qh4+ Kc7 18. Nb3 Qb4 19. Qxb4 Nxb4 20.
Bb1 Nc4 21. a3 Nc6 22. Nxd5+ Kd6 23. Ne3 Nxb2 24. Ra2 Na4 25. Rd2+ Kc7 26. Nd5+
Kb8 27. Nf6 Be6 28. Bc2 Bxb3 29. Bxb3 Nc5 30. Bc2 h6 31. Nd7+ Nxd7 32. Rxd7 Nd4
33. Be4 Kc8 34. Rxb7 Ne2+ 35. Kh1 Rd8 36. Rb2 1-0

[Event "Detroit (Class DE/1/17)"]
[Site "?"]
[Date "1994.??.??"]
[Round "?"]
[White "Calugaru, P."]
[Black "Barker, Scott"]
[Result "1/2-1/2"]
[WhiteElo "1605"]
[BlackElo "1605"]
[PlyCount "70"]
[EventDate "1994.??.??"]

{1/(17)} 1. e4 e5 2. Nf3 Nf6 3. Nxe5 Qe7 4. d4 d6 5. Nf3 Nxe4 6. Be3 d5 7. Bd3
Qb4+ 8. Nc3 Nxc3 9. bxc3 Qxc3+ 10. Bd2 Qa3 11. O-O Be7 12. Re1 O-O 13. Ng5 Bxg5
14. Bxg5 h6 15. Qh5 Qd6 16. Re3 Nc6 17. Rae1 Bd7 18. Be7 Nxe7 19. Rxe7 Rae8 20.
Qe2 Be6 21. Rxe8 Rxe8 22. h3 a6 23. Bf5 g6 24. Bxe6 Rxe6 25. Qd2 Rxe1+ 26. Qxe1
Qa3 27. Qe8+ Kg7 28. Qe5+ f6 29. Qxc7+ Kf8 30. Qc8+ Kf7 31. Qd7+ Kf8 32. Qxd5
Qc1+ 33. Kh2 Qf4+ 34. Kg1 Qc1+ 35. Kh2 Qf4+ 1/2-1/2

[Event "Warren (Warmup"]
[Site "?"]
[Date "1994.??.??"]
[Round "?"]
[White "Calton, David A"]
[Black "Witz, B."]
[Result "1-0"]
[WhiteElo "1765"]
[BlackElo "1605"]
[PlyCount "83"]
[EventDate "1994.??.??"]

1. d4 d5 2. Nf3 Nc6 3. e3 Nf6 4. Bd3 g6 5. Nbd2 Bf5 6. Qe2 Qd7 7. c3 O-O-O 8.
e4 dxe4 9. Nxe4 Nxe4 10. Bxe4 Bxe4 11. Qxe4 f5 12. Qe2 Bg7 13. Bf4 Nxd4 14.
cxd4 Bxd4 15. Nxd4 Qxd4 16. Be5 Qb4+ 17. Bc3 Qe4 18. Qxe4 fxe4 19. Bxh8 Rxh8
20. O-O-O h5 21. Rhe1 Rf8 22. Rxe4 Rxf2 23. Rxe7 b5 24. Rdd7 Kb7 25. Rxc7+ Kb6
26. Rc2 Rf1+ 27. Kd2 a5 28. Re6+ Kb7 29. Rxg6 Rf4 30. Ke3 Ra4 31. b3 Rb4 32.
Rcc6 a4 33. Rcf6 Rg4 34. Rf7+ Kc8 35. Re6 Rg8 36. h3 axb3 37. axb3 h4 38. Kd4
Rd8+ 39. Kc5 b4 40. Rc6+ Kb8 41. Rb6+ Kc8 42. Kc6 1-0

[Event "Romulus (RVO/2/11)"]
[Site "?"]
[Date "1994.??.??"]
[Round "?"]
[White "Calton, David A"]
[Black "Santiago, Reynaldo"]
[Result "1-0"]
[WhiteElo "1765"]
[BlackElo "1995"]
[PlyCount "45"]
[EventDate "1994.??.??"]

{2/(11)} 1. d4 Nf6 2. Nf3 c5 3. e3 g6 4. c3 b6 5. Bd3 d5 6. Nbd2 Ba6 7. Bxa6
Nxa6 8. Qa4+ Qd7 9. Qxa6 Bh6 10. Qe2 O-O 11. e4 Qg4 12. exd5 Nxd5 13. g3 cxd4
14. Nxd4 Qh3 15. Ne4 Qg2 16. Qf3 Qh3 17. Bxh6 Qxh6 18. h4 Rad8 19. O-O e5 20.
Nc6 f5 21. Ng5 e4 22. Qe2 Rde8 23. Qc4 1-0

[Event "Detroit (Class B/4/6)"]
[Site "?"]
[Date "1994.??.??"]
[Round "?"]
[White "Calton, David A"]
[Black "Raupp, Kenneth L"]
[Result "1-0"]
[WhiteElo "1740"]
[BlackElo "1695"]
[PlyCount "41"]
[EventDate "1994.??.??"]

{4/(6)} 1. d4 e6 2. Nf3 f5 3. e3 Nf6 4. Bd3 b6 5. Nbd2 Bb7 6. Qe2 Be7 7. e4
fxe4 8. Nxe4 O-O 9. c3 Qe8 10. O-O h6 11. Re1 Nc6 12. Nxf6+ Rxf6 13. Qe4 Qf7
14. Qh7+ Kf8 15. Ne5 Nxe5 16. dxe5 Rxf2 17. Qh8+ Qg8 18. Qxg8+ Kxg8 19. Kxf2
Rf8+ 20. Kg1 Bh4 21. Rf1 {[Remainder illegible; 1-0, 32?]} 1-0

[Event "Detroit (Class B/2/6)"]
[Site "?"]
[Date "1994.??.??"]
[Round "?"]
[White "Calton, David A"]
[Black "Purkey, L."]
[Result "1-0"]
[WhiteElo "1740"]
[BlackElo "1625"]
[PlyCount "137"]
[EventDate "1994.??.??"]

{2/(6)} 1. d4 Nf6 2. Nf3 g6 3. e3 Bg7 4. Bd3 d6 5. Nbd2 Nbd7 6. O-O O-O 7. c3
c5 8. e4 cxd4 9. cxd4 d5 10. e5 Ne8 11. Re1 f6 12. Qe2 fxe5 13. dxe5 Nc5 14.
Nb3 Nxd3 15. Qxd3 Bf5 16. Qb5 b6 17. Nbd4 Nc7 18. Qc6 Be4 19. Ne6 Nxe6 20.
Qxe6+ Kh8 21. Ng5 Qe8 22. Nxe4 dxe4 23. Rxe4 Rd8 24. Bg5 Rd2 25. Bxd2 Qb5 26.
Bc3 Qc5 27. Bd4 Qc2 28. Rae1 Bh6 29. Qxe7 Kg8 30. e6 Qd2 31. Qf7+ Rxf7 32.
exf7+ Kxf7 33. Re7+ Kg8 34. Re8+ Bf8 35. Bc3 Qf4 36. g3 Qd6 37. Be5 Qc6 38. Bf4
Kf7 39. R8e6 Qc2 40. R6e2 Qc4 41. b3 Qa6 42. Rc2 Bc5 43. Rd2 Qb5 44. Red1 Kf6
45. h4 Bb4 46. Bg5+ Ke6 47. Rd3 a5 48. Re3+ Kf5 49. Rf3+ Kg4 50. Rf4+ Kh3 51.
h5 Qxg5 52. Rh4+ Qxh4 53. gxh4 gxh5 54. Rd7 h6 55. Rg7 Kxh4 56. f4 Bd2 57. f5
Bg5 58. Rg6 Kg4 59. f6 Kf5 60. Rxg5+ hxg5 61. f7 h4 62. f8=Q+ Kg4 63. Qd6 h3
64. Qxb6 Kh4 65. Qd4+ g4 66. Kh2 Kg5 67. Qe5+ Kh4 68. Qf4 Kh5 69. Kg3 1-0

[Event "Eastpointe (EDO/4/18)"]
[Site "?"]
[Date "1994.??.??"]
[Round "?"]
[White "Calton, David A"]
[Black "Piasecki, Vince"]
[Result "1-0"]
[WhiteElo "1815"]
[BlackElo "1605"]
[PlyCount "57"]
[EventDate "1994.??.??"]

{4/(18)} 1. d4 e6 2. Nf3 Nf6 3. e3 g6 4. Bd3 Bg7 5. Nbd2 O-O 6. O-O b6 7. c3
Bb7 8. Qe2 Re8 9. e4 d6 10. Re1 Nbd7 11. e5 dxe5 12. Nxe5 Nxe5 13. Qxe5 Nd5 14.
Qg3 Nf6 15. Ne4 Nh5 16. Qh3 Qd5 17. g4 Nf6 18. Nxf6+ Bxf6 19. Be4 Qa5 20. Bxb7
Rad8 21. Bc6 Re7 22. Bh6 Rd6 23. d5 exd5 24. Rxe7 Bxe7 25. Re1 Rxc6 26. Rxe7
Re6 27. Rxe6 fxe6 28. Qf3 Qc5 29. Qf6 1-0

[Event "Detroit (MI Op/7/20)"]
[Site "?"]
[Date "1994.??.??"]
[Round "?"]
[White "Calton, David A"]
[Black "Moody, David"]
[Result "1/2-1/2"]
[WhiteElo "1845"]
[BlackElo "2000"]
[PlyCount "32"]
[EventDate "1994.??.??"]

{7/(20)} 1. d4 Nf6 2. Nf3 e6 3. e3 d5 4. Bd3 c5 5. c3 Nc6 6. Nbd2 Be7 7. O-O
O-O 8. Qe2 b6 9. h3 Bb7 10. Re1 Qc7 11. dxc5 bxc5 12. e4 Ne5 13. Nxe5 Qxe5 14.
Nf3 Qh5 15. exd5 Bxd5 16. Ne5 Qxe2 1/2-1/2

[Event "Detroit (MI Op/2/14)"]
[Site "?"]
[Date "1994.??.??"]
[Round "?"]
[White "Calton, David A"]
[Black "Mazuchowski, Tom"]
[Result "0-1"]
[WhiteElo "1845"]
[BlackElo "2195"]
[PlyCount "38"]
[EventDate "1994.??.??"]

{2/(14)} 1. d4 Nf6 2. Nf3 g6 3. e3 Bg7 4. Bd3 d6 5. b3 O-O 6. Bb2 Nbd7 7. Nbd2
Re8 8. Nc4 b6 9. Qe2 Bb7 10. e4 d5 11. exd5 Nxd5 12. Be4 Nf4 13. Bxb7 Nxe2 14.
Bxa8 Qxa8 15. Kxe2 Qe4+ 16. Kd2 c5 17. Rae1 Qf4+ 18. Kd3 cxd4 19. Re4 Nc5+ 0-1

[Event "Detroit (MI Op/6/30)"]
[Site "?"]
[Date "1994.??.??"]
[Round "?"]
[White "Calton, David A"]
[Black "Levadi, David"]
[Result "1-0"]
[WhiteElo "1845"]
[BlackElo "1945"]
[PlyCount "113"]
[EventDate "1994.??.??"]

{6/(30)} 1. d4 d5 2. Nf3 Nf6 3. e3 e6 4. Bd3 c5 5. c3 b6 6. Nbd2 Nbd7 7. Qe2
Bb7 8. e4 dxe4 9. Nxe4 Be7 10. O-O O-O 11. Re1 cxd4 12. Nxd4 Nxe4 13. Bxe4 Bxe4
14. Qxe4 Nf6 15. Qf3 Qd5 16. Bf4 Qxf3 17. Nxf3 Rfd8 18. Rad1 Rac8 19. Nd4 Nd5
20. Bg3 Bd6 21. Bxd6 Rxd6 22. Rd2 Ne7 23. Red1 Rcd8 24. Nb3 Rxd2 25. Rxd2 Rxd2
26. Nxd2 Kf8 27. Ne4 Nc8 28. Kf1 Ke7 29. Ke2 Nd6 30. Kd3 f6 31. f4 Kd7 32. Nxd6
Kxd6 33. Kd4 Kc6 34. b3 Kd6 35. h4 g6 36. g4 h5 37. g5 e5+ 38. fxe5+ fxe5+ 39.
Ke4 Ke6 40. c4 Kd6 41. b4 a5 42. a3 a4 43. c5+ bxc5 44. bxc5+ Kxc5 45. Kxe5 Kc4
46. Kf6 Kb3 47. Kxg6 Kxa3 48. Kxh5 Kb4 49. g6 a3 50. g7 a2 51. g8=Q a1=Q 52.
Qg5 Qh8+ 53. Kg4 Qc8+ 54. Qf5 Qg8+ 55. Kf4 Qb8+ 56. Kf3 Qb7+ 57. Qe4+ 1-0

[Event "Eastpointe (EDO/2/9)"]
[Site "?"]
[Date "1994.??.??"]
[Round "?"]
[White "Calton, David A"]
[Black "Kulbacki, James"]
[Result "0-1"]
[WhiteElo "1815"]
[BlackElo "2015"]
[PlyCount "64"]
[EventDate "1994.??.??"]

{2/(9)} 1. d4 e6 2. Nf3 f5 3. e3 b6 4. Nbd2 Nf6 5. b3 Bb7 6. Bb2 Be7 7. Bd3 O-O
8. Qe2 Ne4 9. Nc4 Bb4+ 10. Ncd2 d6 11. O-O Bxd2 12. Nxd2 Nd7 13. f3 Nxd2 14.
Qxd2 Qg5 15. Qe2 h5 16. e4 fxe4 17. Bxe4 Bxe4 18. Qxe4 Rae8 19. Rae1 Nf6 20.
Qd3 Nd5 21. Bc1 Nf4 22. Bxf4 Rxf4 23. Qc4 Qf6 24. Re4 d5 25. Rxf4 Qxf4 26. Qd3
e5 27. Re1 e4 28. g3 exd3 29. Rxe8+ Kf7 30. gxf4 d2 31. Re2 d1=Q+ 32. Kf2 Qxd4+
0-1

[Event "Eastpointe (EDO/5/16)"]
[Site "?"]
[Date "1994.??.??"]
[Round "?"]
[White "Calton, David A"]
[Black "Kane, Paul"]
[Result "1-0"]
[WhiteElo "1815"]
[BlackElo "1605"]
[PlyCount "119"]
[EventDate "1994.??.??"]

{5/(16)} 1. d4 d5 2. Nf3 c6 3. e3 Bf5 4. Bd3 Bxd3 5. Qxd3 Nf6 6. Nbd2 e6 7. O-O
Nbd7 8. c3 Be7 9. e4 dxe4 10. Nxe4 O-O 11. Bf4 Nxe4 12. Qxe4 Nf6 13. Qe2 Nd5
14. Bg3 Re8 15. Ne5 Bd6 16. Qf3 Nf6 17. Rfe1 Rc8 18. Bh4 Be7 19. Re2 Qd5 20.
Qf4 Rf8 21. Re3 Nh5 22. Qg4 Bxh4 23. Qxh5 Bf6 24. Rh3 h6 25. f4 c5 26. Rd1 Bxe5
27. dxe5 Qxa2 28. Qg4 Kh7 29. f5 exf5 30. Qxf5+ g6 31. Qf4 h5 32. g4 Qe6 33.
Rd6 Qa2 34. gxh5 Qb1+ 35. Kg2 Qc2+ 36. Rd2 g5 37. Qe3 Qf5 38. Rf2 Qd7 39. Qe4+
Kh8 40. Rf6 Qd2+ 41. Kg3 g4 42. Rh4 Rcd8 43. Rxg4 Rg8 44. Rxf7 Rxg4+ 45. Kxg4
Rg8+ 46. Kh3 Qh6 47. e6 Rg5 48. Rf4 Rxh5+ 49. Rh4 Rxh4+ 50. Qxh4 Qxh4+ 51. Kxh4
Kg7 52. Kg5 b5 53. h4 a5 54. h5 b4 55. cxb4 cxb4 56. h6+ Kf8 57. Kf6 a4 58. e7+
Ke8 59. Ke6 a3 60. h7 1-0

[Event "Detroit (MCO/B/1b/2)"]
[Site "?"]
[Date "1994.??.??"]
[Round "?"]
[White "Calton, David A"]
[Black "Jordan, Willie"]
[Result "1/2-1/2"]
[WhiteElo "1765"]
[BlackElo "1700"]
[PlyCount "129"]
[EventDate "1994.??.??"]

1. d4 Nf6 2. Nf3 d5 3. e3 e6 4. Bd3 Nbd7 5. Nbd2 c5 6. c3 b6 7. Qe2 Bb7 8. e4
dxe4 9. Nxe4 cxd4 10. Nxd4 Be7 11. O-O h6 12. h3 O-O 13. Re1 Nc5 14. Nxc5 Bxc5
15. Nb3 Qd5 16. Qf3 Qd7 17. Qe2 Qd5 18. Qf3 Qxf3 19. gxf3 Bxf3 20. Nxc5 bxc5
21. Re3 Bb7 22. Rg3 Kh8 23. Be3 Rac8 24. Kf1 c4 25. Bc2 a6 26. Bd4 Nh5 27. Rg4
Rfe8 28. Rh4 Bf3 29. Bd1 Bxd1 30. Rxd1 Nf6 31. Bxf6 gxf6 32. Rxh6+ Kg7 33. Rh4
e5 34. Rd6 Rb8 35. Rg4+ Kf8 36. Rxc4 Rxb2 37. Rxa6 f5 38. Rc5 Re7 39. h4 f4 40.
Rf6 Kg7 41. Rf5 f6 42. Rc6 Rf7 43. a4 Ra2 44. Ra6 Ra3 45. a5 Rxc3 46. Kg2 Rc5
47. h5 Rc8 48. Rb6 Rc5 49. a6 Ra5 50. Kf3 Ra2 51. Rc6 Ra4 52. Rb6 Ra3+ 53. Kg4
Ra2 54. h6+ Kg6 55. h7 Kxh7 56. Rfxf6 Rxf6 57. Rxf6 Rxf2 58. Kf5 f3 59. Rf7+
Kg8 60. a7 Ra2 61. Rf6 Rxa7 62. Kxe5 Rf7 63. Rg6+ Kf8 64. Rg1 f2 65. Rf1
1/2-1/2

[Event "Detroit (MCO/B/3b/3)"]
[Site "?"]
[Date "1994.??.??"]
[Round "?"]
[White "Calton, David A"]
[Black "Jointer, William"]
[Result "1/2-1/2"]
[WhiteElo "1765"]
[BlackElo "1700"]
[PlyCount "141"]
[EventDate "1994.??.??"]

1. d4 Nf6 2. Nf3 g6 3. Nbd2 Bg7 4. c3 d6 5. e4 O-O 6. Bd3 e5 7. Qe2 Nh5 8. Nb3
Nf4 9. Bxf4 exf4 10. O-O Bg4 11. h3 Bh5 12. g4 fxg3 13. fxg3 g5 14. Qd2 h6 15.
g4 Bg6 16. Rae1 Nd7 17. Kg2 c6 18. Rf2 a5 19. a3 a4 20. Nc1 c5 21. Ne2 Rb8 22.
Bc2 b5 23. Ng3 Qc7 24. Nf5 Bxf5 25. exf5 Rfe8 26. Rfe2 Kf8 27. Rxe8+ Rxe8 28.
Rxe8+ Kxe8 29. Qe2+ Kf8 30. Qxb5 cxd4 31. Bxa4 dxc3 32. bxc3 Nf6 33. c4 Kg8 34.
Qc6 Qb8 35. Bb5 Bf8 36. Ng1 Qa7 37. a4 Qe3 38. Qf3 Qd2+ 39. Qe2 Qd4 40. Nf3 Qf4
41. Qd2 Qe4 42. Kf2 Qb1 43. Qe2 Ne4+ 44. Kg2 Nc3 45. Qe1 Qc2+ 46. Qd2 Qb3 47.
Nd4 Qb4 48. Nc6 Qa3 49. f6 Ne4 50. Qe1 Qb2+ 51. Kf3 Qxf6+ 52. Kg2 Qb2+ 53. Kf3
Qf6+ 54. Kg2 Qf4 55. Nb4 Nd2 56. Qe2 Ne4 57. Qe1 Nd2 58. Qe2 Qd4 59. Nd5 Ne4
60. Kf3 Nd2+ 61. Kg2 Ne4 62. Kf3 Nd2+ 63. Kg2 Bg7 64. Ne7+ Kh7 65. Nf5 Qf4 66.
Nxg7 Kxg7 67. a5 Ne4 68. Qe1 Nd2 69. Qe2 Ne4 70. Qe1 Nd2 71. Qe2 1/2-1/2

[Event "Romulus (RVO/4/2)"]
[Site "?"]
[Date "1994.??.??"]
[Round "?"]
[White "Calton, David A"]
[Black "Brooks, John"]
[Result "1/2-1/2"]
[WhiteElo "1765"]
[BlackElo "2225"]
[PlyCount "169"]
[EventDate "1994.??.??"]

{4/(2)} 1. d4 Nf6 2. Nf3 e6 3. e3 d5 4. Nbd2 c5 5. c3 Nc6 6. Bd3 Bd6 7. Qe2 e5
8. dxe5 Nxe5 9. Nxe5 Bxe5 10. e4 O-O 11. O-O Qc7 12. Nf3 dxe4 13. Bxe4 Re8 14.
Nxe5 Qxe5 15. f3 Bf5 16. g3 Bxe4 17. fxe4 Qxe4 18. Qxe4 Rxe4 19. Bf4 Re2 20.
Rf2 Rae8 21. Rd1 h6 22. Rd2 Re1+ 23. Rf1 g5 24. Bc7 Rxf1+ 25. Kxf1 Rc8 26. Be5
Ng4 27. Re2 Re8 28. Bd6 Rxe2 29. Kxe2 Nxh2 30. Bxc5 a6 31. Bd4 f5 32. a4 Kf7
33. c4 Ke6 34. b4 Ng4 35. b5 Ne5 36. c5 axb5 37. axb5 Nc4 38. Kd3 Kd5 39. c6
bxc6 40. bxc6 Nd6 41. Bg7 Kxc6 42. Bxh6 Nf7 43. Bg7 Kd6 44. Ke3 Ne5 45. Bf8+
Ke6 46. Bb4 Kf7 47. Bc3 Ng4+ 48. Kf3 Kg6 49. Bb2 Nf6 50. Be5 Ng4 51. Bc7 Nh6
52. Bb6 Nf7 53. Bc7 Kh5 54. Bb8 Nd8 55. Be5 Ne6 56. Bf6 Kg6 57. Be5 Kf7 58. Bc3
Nc7 59. Bd2 Ne6 60. Bc3 Ke7 61. Be5 g4+ 62. Kg2 Kd7 63. Bb2 Kc6 64. Bc1 Kd5 65.
Bd2 Ke4 66. Kf2 Kd3 67. Bc1 Nc5 68. Bf4 Ne4+ 69. Ke1 Nf6 70. Kf2 Kc2 71. Ke2
Nh5 72. Be5 Kc1 73. Ke1 Kb1 74. Kd1 Ka2 75. Kc2 Ka3 76. Kc3 Ka4 77. Kc4 Ka5 78.
Kc5 f4 79. gxf4 g3 80. f5 g2 81. Bh2 Ng3 82. Kd4 Nxf5+ 83. Ke4 Nh4 84. Kf4 Kb5
85. Kg3 1/2-1/2

[Event "Detroit (MI Op/4/34)"]
[Site "?"]
[Date "1994.??.??"]
[Round "?"]
[White "Calton, David A"]
[Black "Aldrich, Jeff"]
[Result "0-1"]
[WhiteElo "1845"]
[BlackElo "1950"]
[PlyCount "76"]
[EventDate "1994.??.??"]

{4/(34)} 1. d4 d5 2. Nf3 Nf6 3. e3 e6 4. Bd3 Nbd7 5. Nbd2 c5 6. c3 Be7 7. Qe2
Qc7 8. O-O c4 9. Bc2 b5 10. a3 Bb7 11. e4 dxe4 12. Nxe4 Nxe4 13. Bxe4 Nf6 14.
Bxb7 Qxb7 15. Bf4 O-O 16. Rfd1 a5 17. Rd2 b4 18. Qxc4 Rfc8 19. Qd3 bxc3 20.
bxc3 Nd5 21. Qe4 Rxc3 22. Ng5 Bxg5 23. Bxg5 Qc6 24. Be3 Rc8 25. Re2 Qa4 26.
Rea2 Qb3 27. Re2 Qa4 28. h3 Rxa3 29. Rxa3 Qxa3 30. Rc2 Qf8 31. Ra2 Nc3 32. Qc2
Nxa2 33. Qxa2 Ra8 34. d5 Qd6 35. dxe6 Qxe6 36. Qa4 h6 37. Bc5 Qe1+ 38. Kh2 Qe5+
0-1

[Event "Detroit (MI Op/3/12)"]
[Site "?"]
[Date "1994.??.??"]
[Round "?"]
[White "Calton, Bill"]
[Black "VanLoon, C."]
[Result "1-0"]
[WhiteElo "2170"]
[BlackElo "1950"]
[PlyCount "45"]
[EventDate "1994.??.??"]

{3/(12)} 1. e4 e6 2. d4 d5 3. e5 c5 4. c3 Nc6 5. Nf3 Nge7 6. Bd3 Ng6 7. h4 cxd4
8. cxd4 Bb4+ 9. Nc3 a6 10. h5 Nge7 11. a3 Ba5 12. h6 g6 13. Bg5 Qc7 14. Bf6 Rg8
15. Ng5 Nxd4 16. Nxh7 Bxc3+ 17. bxc3 Qxc3+ 18. Kf1 Nef5 19. Ng5 Nxh6 20. Rxh6
Bd7 21. Rh7 Rf8 22. Nxf7 Rxf7 23. Rh8+ 1-0

[Event "Eastpointe (EDO/5/1)"]
[Site "?"]
[Date "1994.??.??"]
[Round "?"]
[White "Calton, Bill"]
[Black "Tsemekhman, Vadim"]
[Result "0-1"]
[WhiteElo "2170"]
[BlackElo "2460"]
[PlyCount "62"]
[EventDate "1994.??.??"]

{5/(1)} 1. d4 Nf6 2. e3 d5 3. Nf3 c5 4. b3 e6 5. Nbd2 Nbd7 6. Bb2 Qc7 7. Ne5
Nxe5 8. dxe5 Nd7 9. f4 b6 10. Bd3 Bb7 11. Qg4 O-O-O 12. O-O-O h5 13. Qg3 c4 14.
bxc4 Nc5 15. Nb3 Nxd3+ 16. cxd3 dxc4 17. dxc4 Be7 18. Kb1 g6 19. Nd4 Kb8 20.
Rc1 h4 21. Qh3 Be4+ 22. Ka1 Qb7 23. Rhg1 Ka8 24. Qg4 h3 25. f5 gxf5 26. Qg7
hxg2 27. Qxf7 Bg5 28. Qxb7+ Kxb7 29. Nxe6 Bxe3 30. Nxd8+ Rxd8 31. Rge1 f4 0-1

[Event "Eastpointe (EDO/4/2)"]
[Site "?"]
[Date "1994.??.??"]
[Round "?"]
[White "Calton, Bill"]
[Black "Thompson, Dexter"]
[Result "1-0"]
[WhiteElo "2170"]
[BlackElo "2240"]
[PlyCount "135"]
[EventDate "1994.??.??"]

{4/(2)} 1. d4 d5 2. e3 Bf5 3. c4 e6 4. Qb3 Nc6 5. Bd2 Rb8 6. Nf3 Nf6 7. Nh4 Bg4
8. h3 Bh5 9. g4 Ne4 10. Nf3 Bg6 11. cxd5 exd5 12. Bg2 Bd6 13. Nc3 Nxd2 14. Kxd2
Be4 15. Ke2 O-O 16. Nxe4 dxe4 17. Nd2 Kh8 18. Nxe4 f5 19. gxf5 Rxf5 20. h4 Qe7
21. Rad1 Rbf8 22. a3 Nd8 23. Rd2 Qe8 24. Kd1 Qh5+ 25. Kc1 Qg6 26. f4 Re8 27.
Nxd6 Qxd6 28. Qd3 Rf6 29. f5 Nc6 30. Rh3 Rd8 31. Bxc6 Qxc6+ 32. Rc2 Qd7 33. Rf3
b6 34. Rff2 c5 35. Qe4 h6 36. Rcd2 cxd4 37. Rxd4 Qc7+ 38. Kb1 Rc8 39. Qd3 Rc6
40. Rd7 Rc1+ 41. Ka2 Qe5 42. Rg2 Rg8 43. Rg6 Re1 44. Rdxg7 Rxg7 45. Rxh6+ Kg8
46. Qd8+ Kf7 47. Re6 Qxe6+ 48. fxe6+ Kxe6 49. Qd4 Re7 50. h5 Kf7 51. Qd5+ Ke8
52. Qg8+ Kd7 53. h6 R1xe3 54. h7 Rxh7 55. Qxh7+ Re7 56. Qc2 Re6 57. Qa4+ Rc6
58. Qxa7+ Kd6 59. Kb3 Kc5 60. Qe7+ Kb5 61. a4+ Ka6 62. Qd8 Kb7 63. Qd5 Kc7 64.
Qf7+ Kd6 65. Kb4 Rc7 66. Qf6+ Kd7 67. Kb5 Rb7 68. Qc6+ 1-0